000 00264nam a2200109Ia 4500
008 220204s9999 xx 000 0 und d
082 _a330.35
_bMIS
100 _aMISHRAN, E J
245 0 _aCosts of economic growth
260 _aOntario
_bPenguin
_c1967
942 _cBK
999 _c24765
_d24765